Loreto College Library, Kolkata
WEBOPAC (ONLINE PUBLIC ACCESS CATALOGUE)

The physical world (Record no. 23749)

MARC details
000 -LEADER
fixed length control field 00507nam a2200181Ia 4500
008 - FIXED-LENGTH DATA ELEMENTS--GENERAL INFORMATION
fixed length control field 131103s9999 xx 000 0 und d
040 ## - CATALOGING SOURCE
Original cataloging agency Loreto College
041 ## - LANGUAGE CODE
Language code English
082 ## - DDC | ডিউই
Classification number | বর্গসংখ্যা 030/OXF
Book Number | গ্রন্থাঙ্ক LCLIB/29707
245 #4 - TITLE STATEMENT | অাখ্যা বিবরণী
Title | অাখ্যা The physical world
Statement of responsibility | লেখকের দায়িত্বের বিবরণ Edited by Harry Judge
260 ## - IMPRINT | প্রকাশনা ক্ষেত্র
Place of publication | প্রকাশ স্থান Oxford
Name of publisher | প্রকাশকের নাম Oxford University Press
Date of publication | প্রকাশ কাল 1985
300 ## - PHYSICAL DESCRIPTION |
Page / Vol. No | পৃষ্ঠা / খন্ড সংখ্যা V.1
Other physical details | অনান্য বাহ্যিক বিবরণ ill.
440 ## - SERIES STATEMENT |গ্রন্থমালা
Series Title | গ্রন্থমালা অাখ্যা Oxford illustrated encyclopedia
650 ## - SUBJECT ADDED ENTRY--TOPICAL TERM | বিষয় শিরোনাম - মূল বিষয়
Topical term | মূল বিষয় Encyclopedia
700 ## - ADDED ENTRY--PERSONAL NAME | অতিরিক্ত সংলেখ - ব্
Personal name | ব্যাক্তিনাম Judge, Harry; ed.
850 ## - HOLDING INSTITUTION
Holding institution LCLIB/030/OXF
942 ## - ADDED ENTRY ELEMENTS (KOHA)
Koha item type Books
Holdings
Withdrawn status Lost status Damaged status Not for loan Home library Current library Date acquired Total Checkouts Full call number Accession No. Date last seen Price effective from Koha item type
        Loreto College Loreto College 04/11/2013   030/OXF LCLIB/29707 B26414 04/11/2013 04/11/2013 Books